000 01676nam a2200325 a 4500
001 BRCA_3146
005 20190320204131.0
008 050209s1875----fr-#---###---#000-0#fre-u
041 _afre
044 _afr
084 _a449
_b.B53
_c1875
100 1 _aCervantes Saavedra, Miguel de
_d1547-1616
_9213
245 1 0 _aCervantes
_bDon Quichotte
_cMiguel de Cervantes ; Traduction de Florian.
260 _aParís
_bBibliothèque Nationale
_c1875
300 _a4 v.
_c14 cm.
440 0 _aCollection des Meilleurs Auteurs Anciens et Modernes
_98507
500 _aContenido : v 1. Primera parte. Advertencia del traductor. Prólogo del autor. Texto. -- v 2. Texto. -- v 3. Segunda parte. Texto. -- v 4. Texto. Nota de los editores. Novelas ejemplares. La fuerza de la sangre. Lic. Vidriera. El casamiento engañoso. Coloquio de los perros. Texto
500 _aEdición económica de la versión de Florian. El vol. IV contiene la traducción de las siguientes novelas ejemplares: La fuerza de la sangre, El Lic. Vidriera, El casamiento engañoso y Coloquio de los perros. Rústica Lúdovik Osterc
500 _aEstado físico : Encuadernación en papel maltratada. Forrados con papel de mala calidad
500 _a374A
546 _aTexto en : francés
650 1 4 _aNovela española
_yÉpoca clásica, 1500-1700
_9215
650 1 4 _aLiteratura española
_yÉpoca clásica, 1500-1700
_9216
650 1 4 _aNovela española
_ySiglo XVII
_9217
650 1 4 _aDon Quijote (Personaje ficticio)
_eNovela
_9218
700 1 _aFlorian, Jean-Pierre Claris de
_d1755-1794
_eTraductor
_98480
740 0 _aEl Ingenioso Hidalgo Don Quijote de la Mancha
902 _aQFM
942 _2lcc
_cB
999 _c2882
_d2882